[Event "Orlova op 5th"]
[Site "Orlova"]
[Date "2008.05.22"]
[Round "6"]
[White "Grzenia, Jerzy"]
[Black "Miturova, Magdalena"]
[Result "0-1"]
[WhiteElo "2088"]
[BlackElo "1878"]
[PlyCount "66"]
[EventDate "2008.05.17"]
[EventType "swiss"]
[EventRounds "9"]
[EventCountry "CZE"]
[SourceTitle "EXT 2012"]
[Source "ChessBase"]
[SourceDate "2011.11.24"]
[SourceVersion "1"]
[SourceVersionDate "2011.11.24"]
[SourceQuality "1"]

1. Nf3 Nf6 2. c4 g6 3. Nc3 Bg7 4. g3 d6 5. Bg2 0-0 6. d4 Nbd7 7. 0-0 e5 8. e3 Re8 9. b3 c6 10. dxe5 dxe5 11. Bb2 Qc7 12. h3 Nc5 13. Qe2 Bf5 14. Rfd1 Rad8 15. Ne1 h5 16. Rac1 a5 17. Ba3 Nce4 18. Nxe4 Bxe4 19. f3 Bf5 20. e4 Bc8 21. Nd3 Nh7 22. Qe3 b6 23. Nb2 Rd4 24. Rxd4 exd4 25. Qf2 h4 26. f4 hxg3 27. Qxg3 Nf6 28. e5 Nh5 29. Qg5 c5 30. Bf3 Nxf4 31. Kh1 Nxh3 32. Qh4 Qxe5 33. Rf1 Bf6 0-1

[Event "Orlova op 5th"]
[Site "Orlova"]
[Date "2008.05.21"]
[Round "5"]
[White "Mitura, Karel"]
[Black "Grzenia, Jerzy"]
[Result "1/2-1/2"]
[WhiteElo "1994"]
[BlackElo "2088"]
[PlyCount "67"]
[EventDate "2008.05.17"]
[EventType "swiss"]
[EventRounds "9"]
[EventCountry "CZE"]
[SourceTitle "EXT 2012"]
[Source "ChessBase"]
[SourceDate "2011.11.24"]
[SourceVersion "1"]
[SourceVersionDate "2011.11.24"]
[SourceQuality "1"]

1. e4 c5 2. Nf3 d6 3. d4 cxd4 4. Nxd4 Nf6 5. Nc3 Nc6 6. Be2 g6 7. 0-0 Bg7 8. Be3 0-0 9. Kh1 Bd7 10. f4 Nxd4 11. Bxd4 Bc6 12. Bf3 Qb8 13. Nd5 e5 14. Ne7+ Kh8 15. Nxc6 bxc6 16. fxe5 dxe5 17. Bc3 Kg8 18. Qe2 Nd7 19. Rad1 Nc5 20. Qc4 Qb5 21. Qxb5 cxb5 22. Rd5 Na4 23. Bxe5 Nxb2 24. Bxb2 Bxb2 25. Rxb5 Rab8 26. Rb3 Rxb3 27. axb3 Rc8 28. Rf2 Bc3 29. g3 Rc7 30. Kg2 Kf8 31. Rf1 Be5 32. Rf2 Bc3 33. Re2 Ke7 34. Re3 1/2-1/2

[Event "Orlova op 5th"]
[Site "Orlova"]
[Date "2008.05.20"]
[Round "4"]
[White "Grzenia, Jerzy"]
[Black "Labedz, Patrycja"]
[Result "1/2-1/2"]
[WhiteElo "2088"]
[BlackElo "1942"]
[PlyCount "52"]
[EventDate "2008.05.17"]
[EventType "swiss"]
[EventRounds "9"]
[EventCountry "CZE"]
[SourceTitle "EXT 2012"]
[Source "ChessBase"]
[SourceDate "2011.11.24"]
[SourceVersion "1"]
[SourceVersionDate "2011.11.24"]
[SourceQuality "1"]

1. Nf3 d5 2. d4 Nf6 3. g3 Bf5 4. Bg2 e6 5. 0-0 Be7 6. c4 c6 7. Nc3 h6 8. Nd2 0-0 9. e4 dxe4 10. Ndxe4 Nbd7 11. b3 Nxe4 12. Nxe4 Nf6 13. Nc3 Qc7 14. Bb2 Rfd8 15. Rc1 Qd7 16. Qe2 Qxd4 17. Nd5 Qc5 18. Nxe7+ Qxe7 19. Rfe1 Rd7 20. h3 Rad8 21. Qf3 Bg6 22. Bc3 Rd3 23. Qe2 Qc5 24. Red1 Qd6 25. Bf3 Ne4 26. Be1 Ng5 1/2-1/2

[Event "Orlova op 5th"]
[Site "Orlova"]
[Date "2008.05.17"]
[Round "1"]
[White "Bembenek, Osvald"]
[Black "Grzenia, Jerzy"]
[Result "0-1"]
[WhiteElo "1720"]
[BlackElo "2088"]
[PlyCount "66"]
[EventDate "2008.05.17"]
[EventType "swiss"]
[EventRounds "9"]
[EventCountry "CZE"]
[SourceTitle "EXT 2012"]
[Source "ChessBase"]
[SourceDate "2011.11.24"]
[SourceVersion "1"]
[SourceVersionDate "2011.11.24"]
[SourceQuality "1"]

1. e4 c5 2. Nf3 e6 3. d4 cxd4 4. Nxd4 Nf6 5. Nc3 d6 6. Be3 a6 7. Be2 Nbd7 8. Qd2 Qc7 9. 0-0 b5 10. a3 Bb7 11. f3 Rc8 12. Rac1 Be7 13. Kh1 0-0 14. Rfd1 Rfd8 15. Bg5 Ne5 16. Qe1 h6 17. Bh4 Nc4 18. Bxc4 Qxc4 19. Qe2 Qc7 20. Bf2 Nd7 21. f4 Nb6 22. Be1 Nc4 23. Rb1 Bf6 24. f5 Re8 25. fxe6 fxe6 26. Qg4 Ne3 27. Qh3 Nxd1 28. Rxd1 Qf7 29. Bg3 Bxd4 30. Bxd6 Bxc3 31. bxc3 Bxe4 32. Re1 Qg6 33. Be5 Rf8 0-1

[Event "POL-chT3 Slaskie"]
[Site "Poland"]
[Date "2008.05.11"]
[Round "9.33"]
[White "Grzenia, Jerzy"]
[Black "Matlak, Jacek"]
[Result "1/2-1/2"]
[WhiteElo "2113"]
[BlackElo "2256"]
[PlyCount "56"]
[EventDate "2008.02.03"]
[EventType "team-swiss"]
[EventRounds "9"]
[EventCountry "POL"]
[SourceTitle "EXT 2019"]
[Source "ChessBase"]
[SourceDate "2018.10.10"]
[SourceVersion "1"]
[SourceVersionDate "2018.10.10"]
[SourceQuality "1"]

1. d4 d5 2. Nf3 c6 3. g3 Bf5 4. Bg2 e6 5. 0-0 Nf6 6. Nbd2 Be7 7. c4 h6 8. b3 0-0 9. Bb2 Nbd7 10. a3 a5 11. Re1 Ne4 12. Rc1 Bh7 13. e3 f5 14. Qe2 g5 15. cxd5 exd5 16. Ne5 Bd6 17. f4 Qe7 18. Nb1 Ndf6 19. Rf1 g4 20. a4 h5 21. Nc3 Kg7 22. Nxe4 Nxe4 23. Bxe4 fxe4 24. Bc3 Bf5 25. Qd2 Qd8 26. Rb1 Bc8 27. Ra1 Qb6 28. Rfb1 Bb4 1/2-1/2

[Event "POL-chT3 Slaskie"]
[Site "Poland"]
[Date "2008.05.10"]
[Round "8.63"]
[White "Wiecek, Pawel"]
[Black "Grzenia, Jerzy"]
[Result "0-1"]
[WhiteElo "2030"]
[BlackElo "2113"]
[PlyCount "56"]
[EventDate "2008.02.03"]
[EventType "team-swiss"]
[EventRounds "9"]
[EventCountry "POL"]
[SourceTitle "EXT 2019"]
[Source "ChessBase"]
[SourceDate "2018.10.10"]
[SourceVersion "1"]
[SourceVersionDate "2018.10.10"]
[SourceQuality "1"]

1. d4 Nf6 2. c4 e6 3. g3 d5 4. Bg2 Be7 5. Nf3 0-0 6. 0-0 b6 7. b3 Bb7 8. Bb2 Nbd7 9. Nc3 Rc8 10. Nd2 c5 11. dxc5 Nxc5 12. cxd5 Nxd5 13. Nxd5 Bxd5 14. e4 Bb7 15. Qg4 g6 16. Rfd1 Qc7 17. Rac1 Qb8 18. Nc4 Rfd8 19. Be5 Rxd1+ 20. Rxd1 Ba8 21. f3 Rd8 22. Rxd8+ Qxd8 23. Bf1 Qd1 24. Nb2 Qb1 25. Qh3 Qxa2 26. b4 Nd7 27. Bc3 Qb3 28. Bd4 Qxb4 0-1

[Event "POL-chT3 Slaskie"]
[Site "Poland"]
[Date "2008.03.02"]
[Round "6.63"]
[White "Oczkowski, Stanislaw"]
[Black "Grzenia, Jerzy"]
[Result "1/2-1/2"]
[WhiteElo "2074"]
[BlackElo "2113"]
[PlyCount "79"]
[EventDate "2008.02.03"]
[EventType "team-swiss"]
[EventRounds "9"]
[EventCountry "POL"]
[SourceTitle "EXT 2019"]
[Source "ChessBase"]
[SourceDate "2018.10.10"]
[SourceVersion "1"]
[SourceVersionDate "2018.10.10"]
[SourceQuality "1"]

1. e4 c6 2. Nf3 d5 3. Nc3 g6 4. exd5 cxd5 5. d4 Bg7 6. h3 Nf6 7. Bd3 0-0 8. 0-0 Nc6 9. a3 b6 10. Re1 Bb7 11. Bg5 h6 12. Be3 Na5 13. Ne5 Rc8 14. Qd2 h5 15. Rad1 Ne4 16. Bxe4 dxe4 17. Bh6 Qc7 18. Bxg7 Kxg7 19. Nxe4 Qxc2 20. Nc3 Qxd2 21. Rxd2 Rfd8 22. Ne4 Nb3 23. Rd3 Nxd4 24. Ng5 Nc6 25. Rxd8 Nxd8 26. Rd1 f6 27. Rxd8 Rc1+ 28. Kh2 fxg5 29. Rd7 Bc8 30. Rxa7 Kf6 31. Nd7+ Bxd7 32. Rxd7 Rc2 33. b4 Rc3 34. Rb7 Rxa3 35. Rxb6+ Kf7 36. g3 Rb3 37. Kg2 h4 38. Rb5 Kf6 39. Rb6+ Kf7 40. Rb5 1/2-1/2

[Event "POL-chT3 Slaskie"]
[Site "Poland"]
[Date "2008.02.03"]
[Round "1.2"]
[White "Waruga, Wojciech"]
[Black "Grzenia, Jerzy"]
[Result "0-1"]
[WhiteElo "2010"]
[BlackElo "2113"]
[PlyCount "120"]
[EventDate "2008.02.03"]
[EventType "team-swiss"]
[EventRounds "9"]
[EventCountry "POL"]
[SourceTitle "EXT 2019"]
[Source "ChessBase"]
[SourceDate "2018.10.10"]
[SourceVersion "1"]
[SourceVersionDate "2018.10.10"]
[SourceQuality "1"]

1. e4 c6 2. d4 d5 3. e5 Bf5 4. Nd2 e6 5. g4 Bg6 6. h4 h5 7. g5 Qb6 8. Nb3 Nd7 9. Be3 Ne7 10. Nh3 Be4 11. f3 Bf5 12. Bf2 Ng6 13. Qd2 Be7 14. Be2 Qc7 15. f4 a6 16. Rc1 b5 17. Qe3 Nb6 18. Nd2 Nd7 19. Bd3 Bg4 20. 0-0 c5 21. Bxg6 fxg6 22. c3 0-0 23. Kh2 Rac8 24. Nb3 c4 25. Nd2 a5 26. a3 Qb6 27. Ra1 Bf5 28. Ng1 b4 29. axb4 axb4 30. Ra2 Ra8 31. Rfa1 Qb7 32. Qe1 Rxa2 33. Rxa2 b3 34. Ra5 Ra8 35. Qa1 Rxa5 36. Qxa5 Nb8 37. Ngf3 Kf7 38. Kg3 Nc6 39. Qa4 Ke8 40. Nxc4 dxc4 41. Qxc4 Kf7 42. Qa4 Nd8 43. Nd2 Qh1 44. Be3 Qe1+ 45. Kf3 Bg4+ 46. Ke4 Qh1+ 47. Kd3 Bf5+ 48. Ke2 Qh2+ 49. Bf2 Qxf4 50. Qxb3 Qg4+ 51. Ke3 Qh3+ 52. Nf3 Bg4 53. Qd1 Nc6 54. b4 Kg8 55. d5 Nxe5 56. d6 Bd8 57. Kf4 Nxf3 58. Qa4 e5+ 59. Ke4 Nd2+ 60. Kxe5 Qxc3+ 0-1

[Event "POL-chT3 Slaskie"]
[Site "Poland"]
[Date "2008.02.03"]
[Round "2.6"]
[White "Ziebinski, Bartosz"]
[Black "Grzenia, Jerzy"]
[Result "0-1"]
[WhiteElo "1923"]
[BlackElo "2113"]
[PlyCount "104"]
[EventDate "2008.02.03"]
[EventType "team-swiss"]
[EventRounds "9"]
[EventCountry "POL"]
[SourceTitle "EXT 2019"]
[Source "ChessBase"]
[SourceDate "2018.10.10"]
[SourceVersion "1"]
[SourceVersionDate "2018.10.10"]
[SourceQuality "1"]

1. e4 c6 2. d4 d5 3. e5 Bf5 4. h4 Qb6 5. g4 Bd7 6. Bg2 e6 7. Ne2 c5 8. c3 Bb5 9. Nf4 cxd4 10. cxd4 Bb4+ 11. Nc3 Ne7 12. a3 Bxc3+ 13. bxc3 Qa5 14. Bd2 Bc4 15. Bf1 Qa6 16. Bxc4 Qxc4 17. f3 Nbc6 18. Kf2 Rc8 19. Kg3 Na5 20. Rb1 Nec6 21. g5 Ne7 22. h5 Qc6 23. Kg2 Nc4 24. Bc1 Nf5 25. Qe1 b6 26. g6 fxg6 27. hxg6 h6 28. Qe2 Kd7 29. Nh5 Qa4 30. Ng3 Rhf8 31. Nh5 Na5 32. Rb4 Qc6 33. Bd2 Nc4 34. Bc1 a5 35. Rb1 Qa4 36. Re1 Nh4+ 37. Kg3 Nxg6 38. Nxg7 Rg8 39. Bxh6 Rh8 40. Rh1 Rcg8 41. Nh5 Ngxe5+ 42. Kf2 Rxh6 43. dxe5 Qc6 44. Nf6+ Rxf6 45. exf6 Qc5+ 46. Kf1 Ne3+ 47. Ke1 Qxc3+ 48. Qd2 Ng2+ 49. Kd1 Qxf3+ 50. Kc1 Qxa3+ 51. Rb2 Qa1+ 52. Rb1 Rc8+ 0-1

[Event "Raciborz op"]
[Site "Raciborz"]
[Date "2008.01.18"]
[Round "9"]
[White "Orzechowski, Jacek"]
[Black "Grzenia, Jerzy"]
[Result "1-0"]
[WhiteElo "2193"]
[BlackElo "2088"]
[PlyCount "67"]
[EventDate "2008.01.12"]
[EventType "swiss"]
[EventRounds "9"]
[EventCountry "POL"]
[SourceTitle "EXT 2010"]
[Source "ChessBase"]
[SourceDate "2010.11.25"]
[SourceVersion "1"]
[SourceVersionDate "2010.11.25"]
[SourceQuality "1"]

1. c4 Nf6 2. Nc3 c5 3. Nf3 Nc6 4. d4 cxd4 5. Nxd4 d6 6. e4 Bd7 7. Be2 a6 8. 0-0 e6 9. Be3 Be7 10. Rc1 0-0 11. Qd2 Rc8 12. f3 Re8 13. Rfd1 h6 14. Kh1 Bf8 15. Bf1 Nxd4 16. Bxd4 e5 17. Be3 Bc6 18. Qf2 Kh7 19. b4 Qe7 20. a4 Red8 21. Bb6 Re8 22. a5 Qe6 23. Qa2 g6 24. Nd5 Bxd5 25. cxd5 Qd7 26. Bc4 Nh5 27. Rc3 Be7 28. Rdc1 Bg5 29. R1c2 Bd8 30. Bf2 Nf4 31. Qb1 Qe7 32. Bf1 Rxc3 33. Rxc3 h5 34. g3 1-0

[Event "Raciborz op"]
[Site "Raciborz"]
[Date "2008.01.13"]
[Round "3"]
[White "Orzechowski, Michal"]
[Black "Grzenia, Jerzy"]
[Result "0-1"]
[WhiteElo "1669"]
[BlackElo "2088"]
[PlyCount "56"]
[EventDate "2008.01.12"]
[EventType "swiss"]
[EventRounds "9"]
[EventCountry "POL"]
[SourceTitle "EXT 2010"]
[Source "ChessBase"]
[SourceDate "2010.11.25"]
[SourceVersion "1"]
[SourceVersionDate "2010.11.25"]
[SourceQuality "1"]

1. e4 c5 2. Nf3 e6 3. b3 Nc6 4. Bb2 d6 5. d4 cxd4 6. Nxd4 Nf6 7. Nd2 Be7 8. Bd3 Bd7 9. Qe2 0-0 10. 0-0 Rc8 11. f4 Qb6 12. Qf2 Ng4 13. Qg3 e5 14. Nc4 Qc5 15. b4 Nxb4 16. h3 b5 17. Nd2 exf4 18. Rxf4 Ne5 19. N2b3 Qb6 20. Kh1 Ng6 21. Rff1 Bh4 22. Qe3 Ne5 23. Qe2 Nbxd3 24. cxd3 a5 25. Nf5 Bxf5 26. Rxf5 g6 27. Rff1 a4 28. Nd4 a3 0-1

[Event "Raciborz op"]
[Site "Raciborz"]
[Date "2008.01.12"]
[Round "1"]
[White "Wieczorek, Mateusz"]
[Black "Grzenia, Jerzy"]
[Result "0-1"]
[WhiteElo "1736"]
[BlackElo "2088"]
[PlyCount "68"]
[EventDate "2008.01.12"]
[EventType "swiss"]
[EventRounds "9"]
[EventCountry "POL"]
[SourceTitle "EXT 2010"]
[Source "ChessBase"]
[SourceDate "2010.11.25"]
[SourceVersion "1"]
[SourceVersionDate "2010.11.25"]
[SourceQuality "1"]

1. Nf3 c5 2. g3 Nc6 3. Bg2 Nf6 4. 0-0 e6 5. d3 Be7 6. e4 d6 7. Nbd2 Bd7 8. Qe2 e5 9. c3 0-0 10. Nc4 h6 11. Ne3 Re8 12. Nh4 b5 13. Nhf5 Bf8 14. Bd2 g6 15. Nh4 Rb8 16. Nf3 a5 17. b3 Be6 18. Rfc1 d5 19. exd5 Nxd5 20. Nxd5 Bxd5 21. c4 Nd4 22. Nxd4 exd4 23. Qg4 Be6 24. Qf3 bxc4 25. bxc4 Rb2 26. Bf4 h5 27. Rcb1 Qb6 28. Qd1 Bg4 29. Qc1 Ree2 30. Rxb2 Qxb2 31. Qxb2 Rxb2 32. a4 Be6 33. Ra3 Rb1+ 34. Bf1 Bh3 0-1

[Event "Karvina op"]
[Site "Karvina"]
[Date "2007.??.??"]
[Round "5"]
[White "Olsar, Jaroslav"]
[Black "Grzenia, Jerzy"]
[Result "1-0"]
[WhiteElo "2279"]
[BlackElo "2113"]
[PlyCount "59"]
[EventDate "2007.07.??"]
[EventType "swiss"]
[EventRounds "9"]
[EventCountry "CZE"]
[SourceTitle "EXT 2010"]
[Source "ChessBase"]
[SourceDate "2010.11.25"]
[SourceVersion "1"]
[SourceVersionDate "2010.11.25"]
[SourceQuality "1"]

1. e4 c6 2. d4 d5 3. e5 c5 4. dxc5 e6 5. Be3 Qc7 6. Nf3 Bxc5 7. Bxc5 Qxc5 8. Nc3 Bd7 9. Bd3 Ne7 10. 0-0 a6 11. Re1 Qc7 12. Ne2 Nbc6 13. Ned4 h6 14. c3 Qb6 15. Qd2 Nxd4 16. Nxd4 Nc6 17. Nf3 Rc8 18. Rad1 Ne7 19. Bb1 g5 20. h3 Rg8 21. Nh2 h5 22. g4 Rc4 23. gxh5 g4 24. Nxg4 Nf5 25. Bxf5 exf5 26. e6 Bc6 27. b3 Re4 28. Rxe4 dxe4 29. e7 Kxe7 30. Qd6+ 1-0

[Event "Karvina op"]
[Site "Karvina"]
[Date "2007.??.??"]
[Round "9"]
[White "Snopek, Jiri"]
[Black "Grzenia, Jerzy"]
[Result "1/2-1/2"]
[WhiteElo "1948"]
[BlackElo "2113"]
[PlyCount "57"]
[EventDate "2007.07.??"]
[EventType "swiss"]
[EventRounds "9"]
[EventCountry "CZE"]
[SourceTitle "EXT 2010"]
[Source "ChessBase"]
[SourceDate "2010.11.25"]
[SourceVersion "1"]
[SourceVersionDate "2010.11.25"]
[SourceQuality "1"]

1. Nf3 Nf6 2. c4 e6 3. g3 b6 4. Bg2 Bb7 5. 0-0 c5 6. e3 Be7 7. d4 d6 8. b3 cxd4 9. exd4 0-0 10. Bb2 Nbd7 11. Nbd2 Rc8 12. Rc1 Rc7 13. Re1 d5 14. Ne5 Bb4 15. Nd3 Bd6 16. Ne5 Qa8 17. Qe2 Rfc8 18. Nxf7 Bb4 19. Ng5 Nf8 20. Bh3 Re8 21. c5 h6 22. Ngf3 bxc5 23. a3 Bxd2 24. Nxd2 Qc8 25. dxc5 Rxc5 26. Rxc5 Qxc5 27. Bxf6 gxf6 28. Qh5 Qc7 29. Qxh6 1/2-1/2

[Event "Karvina op"]
[Site "Karvina"]
[Date "2006.07.??"]
[Round "4"]
[White "Grzenia, Jerzy"]
[Black "Vesely, Martin"]
[Result "0-1"]
[WhiteElo "2092"]
[BlackElo "2163"]
[PlyCount "70"]
[EventDate "2006.07.??"]
[EventType "swiss"]
[EventRounds "7"]
[EventCountry "CZE"]
[SourceTitle "EXT 2008"]
[Source "ChessBase"]
[SourceDate "2007.11.25"]
[SourceVersion "1"]
[SourceVersionDate "2007.11.25"]
[SourceQuality "1"]

1. Nf3 f5 2. d4 Nf6 3. g3 e6 4. Bg2 Be7 5. 0-0 0-0 6. c4 d6 7. Nc3 a6 8. Qc2 Nc6 9. d5 Ne5 10. Nd2 Nh5 11. e3 Qe8 12. dxe6 c6 13. Ne2 Bxe6 14. Nd4 Bd7 15. b3 Qg6 16. Ba3 Qh6 17. N2f3 Rae8 18. Rad1 Ng4 19. h3 Nxe3 20. fxe3 Nxg3 21. Bc1 Nxf1 22. Rxf1 Bd8 23. e4 f4 24. Nf5 Bxf5 25. exf5 Bb6+ 26. Kh1 Be3 27. Bb2 Qh5 28. Qc3 Rf7 29. Nh2 Qxf5 30. Ng4 Qh5 31. Rf3 Qg5 32. Kh2 Ba7 33. Qd2 h5 34. Nf2 Re3 35. Nh1 Rxf3 0-1

[Event "Karvina op"]
[Site "Karvina"]
[Date "2006.07.??"]
[Round "7"]
[White "Helis, Tadeusz"]
[Black "Grzenia, Jerzy"]
[Result "1/2-1/2"]
[WhiteElo "2343"]
[BlackElo "2092"]
[PlyCount "95"]
[EventDate "2006.07.??"]
[EventType "swiss"]
[EventRounds "7"]
[EventCountry "CZE"]
[SourceTitle "EXT 2008"]
[Source "ChessBase"]
[SourceDate "2007.11.25"]
[SourceVersion "1"]
[SourceVersionDate "2007.11.25"]
[SourceQuality "1"]

1. d4 Nf6 2. Nf3 e6 3. Bg5 Be7 4. Nbd2 d5 5. e3 b6 6. c3 Bb7 7. Ne5 Nfd7 8. Bxe7 Qxe7 9. f4 c5 10. Bd3 Nc6 11. 0-0 0-0-0 12. Nxc6 Bxc6 13. Ba6+ Kc7 14. a4 Nb8 15. Bd3 f6 16. Nf3 Be8 17. Qe2 c4 18. Bc2 Nc6 19. b3 cxb3 20. Bxb3 Na5 21. Rfb1 Rc8 22. c4 dxc4 23. Bxc4 Nxc4 24. Qxc4+ Kb7 25. Qb3 Bg6 26. Rb2 Rc6 27. a5 Rhc8 28. axb6 axb6 29. d5 exd5 30. Nd4 Rc1+ 31. Rxc1 Rxc1+ 32. Kf2 Qc5 33. Qa4 Be4 34. Ra2 Qa5 35. Qxa5 bxa5 36. Rxa5 Rb1 37. Ra2 h5 38. Ne6 g6 39. h3 h4 40. Nd4 Bd3 41. Ne2 Kc7 42. Rd2 Bc4 43. g3 Rh1 44. g4 Rxh3 45. Nd4 Rh2+ 46. Ke1 Rh1+ 47. Kf2 Rh2+ 48. Ke1 1/2-1/2

[Event "Rail 4 countries 21st"]
[Site "Litice"]
[Date "2005.06.17"]
[Round "1.4"]
[White "Just, Wolfgang"]
[Black "Grzenia, Jerzy"]
[Result "1/2-1/2"]
[WhiteElo "2166"]
[BlackElo "2120"]
[PlyCount "123"]
[EventDate "2005.06.17"]
[EventType "team-tourn"]
[EventRounds "3"]
[EventCountry "CZE"]
[SourceTitle "EXT 2007"]
[Source "ChessBase"]
[SourceDate "2006.11.23"]
[SourceVersion "1"]
[SourceVersionDate "2006.11.23"]
[SourceQuality "1"]

1. f4 d5 2. Nf3 c5 3. e3 Nf6 4. b3 g6 5. Bb2 Bg7 6. Bb5+ Bd7 7. Bxd7+ Nbxd7 8. 0-0 0-0 9. Qe1 Ne4 10. Bxg7 Kxg7 11. d3 Nd6 12. Nbd2 Rc8 13. e4 d4 14. g4 Nb5 15. Qh4 h6 16. Rae1 Nc3 17. a4 a6 18. f5 e6 19. Qg3 exf5 20. gxf5 Kh7 21. fxg6+ fxg6 22. Rf2 Qe7 23. Ref1 Rc6 24. Nc4 Rcf6 25. Qh4 Kg7 26. e5 Re6 27. Qxe7+ Rxe7 28. a5 Nd5 29. Re2 Nf4 30. Re4 Ne6 31. Nd6 Nb8 32. Nd2 Rxf1+ 33. Kxf1 Nc6 34. N2c4 Ng5 35. Re2 Nf7 36. Ne4 Nfxe5 37. Nxc5 Rf7+ 38. Ke1 Nxc4 39. dxc4 Nxa5 40. Ne6+ Kf6 41. Nxd4 Rd7 42. Nf3 Nc6 43. Kf2 g5 44. Kg3 Nd4 45. Rf2 Nxf3 46. Kxf3 Re7 47. Kg3+ Kg6 48. Rd2 Re3+ 49. Kf2 Rc3 50. Ke1 Kh5 51. Rd7 Rxc2 52. Rxb7 g4 53. Rb6 Rc3 54. Kf2 Kg5 55. Rxa6 Rxb3 56. c5 Rc3 57. c6 h5 58. Ra5+ Kh4 59. Ra6 Rc2+ 60. Kg1 Kh3 61. Ra3+ Kh4 62. Ra6 1/2-1/2

[Event "Karvina op"]
[Site "Karvina"]
[Date "2001.07.04"]
[Round "5"]
[White "Sobek, Jaroslav"]
[Black "Grzenia, Jerzy"]
[Result "1-0"]
[WhiteElo "2282"]
[BlackElo "2097"]
[PlyCount "66"]
[EventDate "2001.06.30"]
[EventType "swiss"]
[EventRounds "9"]
[EventCountry "CZE"]
[SourceTitle "EXT 2002"]
[Source "ChessBase"]
[SourceDate "2001.11.25"]
[SourceVersion "1"]
[SourceVersionDate "2001.11.25"]
[SourceQuality "1"]

1. d4 e6 2. c4 f5 3. g3 d5 4. Bg2 c6 5. Nf3 Nf6 6. 0-0 Be7 7. Nbd2 0-0 8. b3 Qe8 9. Ne5 Qh5 10. e3 Qe8 11. Ndf3 Ne4 12. Nd3 Nd7 13. Nfe5 Bd6 14. f3 Nef6 15. Bb2 Qh5 16. Rc1 g5 17. Rc2 Kg7 18. Qe2 Bxe5 19. dxe5 Ng8 20. cxd5 exd5 21. e4 fxe4 22. fxe4 Qxe2 23. Rxe2 Rxf1+ 24. Bxf1 dxe4 25. Rxe4 Kf8 26. h4 h6 27. hxg5 hxg5 28. e6 Ndf6 29. Re5 Nd5 30. Bh3 g4 31. Bxg4 Ke7 32. Ba3+ Kd8 33. Nf4 Nxf4 1-0